000 01107nam a2200217 a 4500
001 000016884
005 20200929164958.0
008 100312s2006 dr r 001 0 spa d
040 _aDO-SdBNP
_bspa
_cBNPHU
082 _aRD868.42
_bH519o
100 1 _aHenríquez Ureña, Camila,
_d1894-1973.
_92524
245 1 0 _aObras y apuntes /
_cCamila Henríquez Ureña.
260 _aSanto Domingo :
_bBanreservas,
_bUniversal,
_c2006.
300 _av. ;
_c23 cm.
500 _aIncluye índice onomástico.
500 _aIncluye referencias bibliográficas y notas al pie de las páginas
505 0 _av.1. Educación -- v.2. La mujer -- v.3. Testimonios -- v.4. Diarios y temas diversos -- v. 5. Literatura hipanoamericana -- v. 6. Sobre literatura española -- v.7. Sobre literaturas no hispánicas I -- v. 8. Sobre literaturas no hispánicas II -- v. 9. Invitación a la lectura y otros textos -- v.10. Epistolario y documentos personales.
590 _aInventariado, 2019/BT
600 1 4 _aHENRÍQUEZ UREÑA, CAMILA,
_d1894-1973
_xCOLECCIONES DE ESCRITOS
_937364
910 _aValidado. Control de calidad. MMOLINA
999 _c16416
_d16416